Breve historia de Honduras

Bewaard in:
Bibliografische gegevens
Hoofdauteur: Barahona, Rubén (Auteur)
Formaat: Boek
Taal:Spaans
Gepubliceerd in: Ciudad de México Azteca 1956
Editie:5a. ed
Onderwerpen:
Tags: Voeg label toe
Geen labels, Wees de eerste die dit record labelt!

MARC

LEADER 00000nam a2200000 a 4500
001 UCO1026
003 CL-VaPUC
008 000505e19560000MX |||||||||||||||||spa|d
082 0 4 |a 972.83  |b BAR  |2 21 
100 0 |a Barahona, Rubén  |e author  |9 442756 
245 1 0 |a Breve historia de Honduras 
250 |a 5a. ed 
300 |a 193 p 
942 |c BK 
945 |d 20000505 00:00:00  |a crobeson 
260 |a Ciudad de México  |b Azteca  |c 1956 
650 0 |a Historia  |9 255047 
650 0 |a Culturas precolombinas  |9 408769 
650 7 |a DESCUBRIMIENTO DE AMERICA  |2 CL-VaPUC  |9 442757 
650 0 |a Conquista  |9 339504 
650 7 |a COLONIA  |2 CL-VaPUC  |9 442758 
650 0 |a Independencia   |9 344246 
651 7 |a HONDURAS  |2 CL-VaPUC  |9 257740 
583 |a last modification  |c 20000505 00:00:00  |k Rodrigo Vera 
999 |c 287660  |d 287658 
952 |0 0  |1 0  |4 0  |6 972_830000000000000_BAR_1956  |7 0  |8 A  |9 334605  |a BIBHIS  |b BIBHIS  |d 2019-11-20  |i 1272861  |o 972.83 BAR 1956  |p 1272861  |r 2025-01-20  |w 2019-11-20  |y BK  |k HIS